Charakteristika profilu inovujúcich podnikov v SR
Ukazovatele charakterizujúce profil inovujúcich podnikov v SR. Podnikateľské prostredie, zmena podmienok, zámery inovatívnej firmy. Vývoj, výskum a využitie nových technológií v kombinácii s už existujúcimi technológiami. Náklady na inovácie v SR v medzinárodnom porovnaní. Výdavky na VaV (interný či...
Gespeichert in:
| 1. Verfasser: | |
|---|---|
| Format: | Buchkapitel |
| Sprache: | Slowakisch |
| Schlagworte: | |
| Tags: |
Keine Tags, Fügen Sie das erste Tag hinzu!
|
MARC
| LEADER | 00000nla$a2200000$$$4500 | ||
|---|---|---|---|
| 001 | 0103775 | ||
| 005 | 20240502072130.0 | ||
| 041 | 0 | |a slo | |
| 044 | |a SK | ||
| 245 | 1 | 0 | |a Charakteristika profilu inovujúcich podnikov v SR |c Marián Dičér |
| 520 | |a Ukazovatele charakterizujúce profil inovujúcich podnikov v SR. Podnikateľské prostredie, zmena podmienok, zámery inovatívnej firmy. Vývoj, výskum a využitie nových technológií v kombinácii s už existujúcimi technológiami. Náklady na inovácie v SR v medzinárodnom porovnaní. Výdavky na VaV (interný či externý) v krajinách EÚ. | ||
| 610 | 2 | 0 | |a inovácia |
| 610 | 2 | 0 | |a podnik |
| 610 | 2 | 0 | |a Slovensko |
| 610 | 2 | 0 | |a technológie nové |
| 610 | 2 | 0 | |a inovácia výrobkov |
| 610 | 2 | 0 | |a Európska únia |
| 610 | 2 | 0 | |a výdavky |
| 100 | 1 | |a Dičér, Marián | |